[Event "Open Inverno"]
[Site "Ceriano Laghetto ITA"]
[Date "2007.01.23"]
[Round "3"]
[White "Pino, Nicola"]
[Black "Regorda, Vittorio"]
[Result "0-1"]
[WhiteElo "1832"]
[BlackElo "1891"]
[PlyCount "68"]
[EventDate "2007.01.09"]

1. e4 e6 2. d4 d5 3. Nd2 Nf6 4. e5 Nfd7 5. f4 c5 6. c3 Nc6 7. Ngf3 Be7 8. Bd3
Qb6 9. dxc5 Nxc5 10. Bc2 O-O 11. b4 Nd7 12. Nb3 f6 13. Qe2 fxe5 14. Be3 Qc7 15.
fxe5 Ndxe5 16. Nxe5 Nxe5 17. Bd4 Bh4+ 18. Kd1 Bf6 19. Rf1 Nc4 20. Qh5 g6 21.
Qe2 e5 22. Bc5 Rf7 23. Bd3 b6 24. Bf2 Ba6 25. Bg3 Nb2+ 26. Qxb2 Bxd3 27. Rf3
Be4 28. Rf2 Rc8 29. Nd2 Bf5 30. Rc1 Qb7 31. Qb3 e4 32. Nf1 Bg5 33. Ra1 e3 34.
Rb2 Bd3 0-1

[Event "Open Inverno"]
[Site "Ceriano Laghetto ITA"]
[Date "2007.01.23"]
[Round "3"]
[White "Regorda, Massimiliano"]
[Black "Lapiccirella, Mattia"]
[Result "1/2-1/2"]
[WhiteElo "1869"]
[BlackElo "2237"]
[PlyCount "86"]
[EventDate "2007.01.09"]

1. e4 c5 2. Nf3 Nc6 3. Bb5 Na5 4. d4 a6 5. Be2 cxd4 6. Nxd4 e6 7. Nc3 Qc7 8.
O-O Nf6 9. a3 b5 10. Bd2 Bb7 11. Bf3 Nc4 12. Qe2 Nxd2 13. Qxd2 Bd6 14. h3 O-O
15. Rfe1 Bf4 16. Qd3 Be5 17. Rad1 Rac8 18. Nce2 Kh8 19. c3 g5 20. Nc2 h5 21.
Ne3 Rg8 22. g4 hxg4 23. Nxg4 Nxg4 24. Bxg4 d6 25. Qe3 Rg6 26. f4 gxf4 27. Nxf4
Bxf4 28. Qxf4 f5 29. exf5 Qc5+ 30. Kf1 exf5 31. Qxf5 Qxf5+ 32. Bxf5 Rf8 33. Re8
Rgf6 34. Rxf8+ Rxf8 35. Rxd6 Rxf5+ 36. Ke2 Kg7 37. Rd7+ Rf7 38. Rxf7+ Kxf7 39.
Kd3 Bg2 40. h4 Ke6 41. Kd4 Kd6 42. c4 bxc4 43. Kxc4 Ke6 1/2-1/2

[Event "Open Inverno"]
[Site "Ceriano Laghetto ITA"]
[Date "2007.01.23"]
[Round "3"]
[White "Viale, Fabio"]
[Black "Cervini, Gian Piero"]
[Result "0-1"]
[WhiteElo "1703"]
[BlackElo "1792"]
[PlyCount "78"]
[EventDate "2007.01.09"]

1. d4 Nf6 2. c4 g6 3. Nf3 Bg7 4. Nc3 d6 5. e4 O-O 6. Be2 Nbd7 7. O-O e5 8. d5
Nc5 9. Qc2 Nh5 10. Be3 f5 11. Bxc5 dxc5 12. Rad1 fxe4 13. Nxe4 Qe7 14. Nfd2 Nf4
15. Bf3 Bf5 16. Qb3 g5 17. Ng3 Bc8 18. Nh5 Nxh5 19. Bxh5 g4 20. Ne4 Bh6 21. d6
cxd6 22. Rxd6 Qg7 23. Rfd1 Bf5 24. Ng3 Bf4 25. Nxf5 Rxf5 26. Rd8+ Rf8 27. R1d7
Qg5 28. Bf7+ Kh8 29. Rxa8 Rxa8 30. g3 Qf5 31. Qxb7 Rf8 32. Be6 Qb1+ 33. Kg2 Be3
34. Rf7 Rxf7 35. Qb8+ Kg7 36. Qxe5+ Rf6 37. Bf5 Qxf5 38. Qxe3 Qf3+ 39. Kf1 Qxe3
0-1

[Event "Open Inverno"]
[Site "Ceriano Laghetto ITA"]
[Date "2007.01.30"]
[Round "4"]
[White "Cervini, Gian Piero"]
[Black "Dei Giudici, Paolo"]
[Result "1/2-1/2"]
[WhiteElo "1792"]
[BlackElo "1685"]
[PlyCount "100"]
[EventDate "2007.01.09"]

1. e4 e5 2. Nf3 Nc6 3. d4 exd4 4. Bc4 Bc5 5. O-O d6 6. Ng5 Ne5 7. Bb3 Bg4 8.
Nxf7 Bxd1 9. Nxd8 Bxc2 10. Nxb7 Bxb3 11. axb3 Bb6 12. Na5 Nf6 13. Re1 O-O 14.
Nc4 Bc5 15. Nxe5 dxe5 16. f4 exf4 17. Bxf4 Ng4 18. g3 Rab8 19. h3 Ne3 20. Rc1
Bb6 21. Nd2 Rb7 22. Nc4 Nxc4 23. bxc4 Bc5 24. Ra5 Bb4 25. Rd5 c5 26. Bd6 Rf3
27. Rf1 Rbf7 28. Rxf3 Rxf3 29. Rf5 Rxf5 30. exf5 h5 31. Kf2 Kf7 32. Be5 Ba5 33.
Ke2 g6 34. fxg6+ Kxg6 35. Kd3 Kf5 36. Bxd4 cxd4 37. Kxd4 Bc7 38. g4+ hxg4 39.
hxg4+ Kxg4 40. b4 a5 41. b5 a4 42. c5 a3 43. Kc3 Kf5 44. Kb3 a2 45. Kxa2 Ke6
46. Kb3 Kd5 47. Kb4 Bd8 48. c6 Bb6 49. Kb3 Kc5 50. Ka4 Bc7 1/2-1/2

[Event "Open Inverno"]
[Site "Ceriano Laghetto ITA"]
[Date "2007.01.30"]
[Round "4"]
[White "Dimo, Maurizio"]
[Black "Santarelli, Sabatino"]
[Result "0-1"]
[WhiteElo "1580"]
[BlackElo "1548"]
[PlyCount "200"]
[EventDate "2007.01.09"]

1. e4 c5 2. Nf3 g6 3. Bc4 Bg7 4. d3 e6 5. O-O Ne7 6. Bg5 O-O 7. Qd2 Re8 8. e5
Nbc6 9. Re1 d5 10. Bb5 Qb6 11. c4 d4 12. Bh6 Nf5 13. Bxg7 Kxg7 14. a3 Qd8 15.
Qf4 a6 16. Bxc6 bxc6 17. Nbd2 Qe7 18. Ne4 h5 19. Nf6 Rh8 20. Qg5 Ra7 21. Nd2 a5
22. b4 cxb4 23. a4 c5 24. Nb3 Bb7 25. Nxh5+ Rxh5 26. Qxe7 Nxe7 27. Nxc5 Bc6 28.
Nb3 Nf5 29. Nd2 Rg5 30. Ne4 Bxe4 31. Rxe4 Rd7 32. h4 Rh5 33. g4 Rxh4 34. gxf5
Rxe4 35. dxe4 d3 36. Rd1 gxf5 37. exf5 exf5 38. f4 b3 39. Kf2 b2 40. Ke3 d2 41.
Ke2 Kf8 42. c5 Ke8 43. c6 Rd5 44. c7 Rc5 45. Kxd2 Rxc7 46. Rb1 Rc4 47. Rxb2
Rxa4 48. Ke3 Re4+ 49. Kf3 a4 50. Ra2 Ke7 51. Kg3 f6 52. exf6+ Kxf6 53. Kf3 Ke6
54. Kg3 Kd5 55. Kf3 Rc4 56. Ke3 Kc5 57. Kf3 Rc3+ 58. Ke2 a3 59. Kd2 Kd4 60. Ra1
Rh3 61. Kc2 Kc4 62. Kd2 Rh2+ 63. Ke3 Kb3 64. Kd4 Re2 65. Kd3 Rf2 66. Ke3 Rb2
67. Kd4 a2 68. Ke5 Rb1 69. Rxa2 Kxa2 70. Kxf5 Rb6 71. Kg5 Kb3 72. f5 Kc4 73. f6
Rb8 74. Kg6 Kd5 75. f7 Ke6 76. Kg7 Ke7 77. Kg6 Rf8 78. Kg7 Rxf7+ 79. Kg8 Kf6
80. Kh8 Rf8+ 81. Kh7 Kf7 82. Kh6 Rg8 83. Kh7 Rg1 84. Kh6 Kf6 85. Kh5 Kf5 86.
Kh4 Rg5 87. Kh3 Kf4 88. Kh4 Rf5 89. Kh3 Kf3 90. Kh4 Re5 91. Kh3 Re4 92. Kh2 Rg4
93. Kh3 Re4 94. Kh2 Kg4 95. Kg2 Re2+ 96. Kf1 Kf3 97. Kg1 Rf2 98. Kh1 Kg3 99.
Kg1 Rf3 100. Kh1 Rf1# 0-1

[Event "Open Inverno"]
[Site "Ceriano Laghetto ITA"]
[Date "2007.01.30"]
[Round "4"]
[White "Iula, Massimo"]
[Black "Viale, Fabio"]
[Result "0-1"]
[WhiteElo "1410"]
[BlackElo "1703"]
[PlyCount "72"]
[EventDate "2007.01.09"]

1. e4 c5 2. c3 d5 3. exd5 Qxd5 4. d4 Nf6 5. Nf3 Nc6 6. Na3 a6 7. Nc4 Qd8 8. Be2
cxd4 9. cxd4 e6 10. O-O Be7 11. b3 O-O 12. Ng5 Qxd4 13. Qc2 Nb4 14. Qb2 Qxb2
15. Bxb2 b5 16. Ne5 h6 17. Ngf3 Bb7 18. a3 Nbd5 19. b4 Rac8 20. Nd2 Rc2 21. Bc1
Nf4 22. Bd1 Rc7 23. Nb3 Nxg2 24. Na5 Ba8 25. Bf3 Nh4 26. Bxa8 Rxa8 27. Be3 Rac8
28. Ra2 Nf5 29. Bb6 Rc3 30. Nac6 R8xc6 31. Nxc6 Rxc6 32. Ba7 Rc3 33. f3 Nd5 34.
Rff2 Nfe3 35. Bd4 Rc1+ 36. Rf1 Rxf1# 0-1

[Event "Open Inverno"]
[Site "Ceriano Laghetto ITA"]
[Date "2007.01.30"]
[Round "4"]
[White "Jiang, Yongwei"]
[Black "Nastasi, Ivano"]
[Result "1/2-1/2"]
[WhiteElo "1575"]
[BlackElo "1518"]
[PlyCount "86"]
[EventDate "2007.01.09"]

1. e4 e5 2. Nf3 Nf6 3. Nxe5 d6 4. Nf3 Nxe4 5. d4 d5 6. c4 c6 7. c5 Be7 8. Be2
O-O 9. O-O Be6 10. Be3 Nd7 11. Qc2 Bf6 12. Nbd2 Bf5 13. Bd3 Re8 14. b4 Nxd2 15.
Nxd2 Bxd3 16. Qxd3 Bg5 17. Bxg5 Qxg5 18. Nf3 Qh5 19. Rfe1 Nf6 20. Re5 Rxe5 21.
Nxe5 Ng4 22. Nxg4 Qxg4 23. Re1 Qd7 24. a4 Re8 25. Kf1 Rxe1+ 26. Kxe1 Qg4 27. g3
Qh3 28. Qe2 Qe6 29. Qxe6 fxe6 30. f4 h5 31. Kd2 a6 32. b5 a5 33. bxc6 bxc6 34.
Ke3 Kf7 35. Kf3 Kf6 36. g4 g6 37. h3 Kg7 38. f5 exf5 39. gxf5 gxf5 40. Kf4 Kg6
41. Kg3 Kf6 42. h4 Kg6 43. Kf3 Kf7 1/2-1/2

[Event "Open Inverno"]
[Site "Ceriano Laghetto ITA"]
[Date "2007.01.30"]
[Round "4"]
[White "Lapiccirella, Mattia"]
[Black "Salmoiraghi, Angelo"]
[Result "1-0"]
[WhiteElo "2237"]
[BlackElo "2047"]
[PlyCount "105"]
[EventDate "2007.01.09"]

1. d4 g6 2. c4 Bg7 3. Nf3 Nf6 4. Nc3 d6 5. e4 O-O 6. Be2 e5 7. d5 a5 8. Bg5 h6
9. Bh4 Na6 10. Nd2 Qe8 11. O-O Bd7 12. b3 Nh7 13. a3 Bf6 14. Bxf6 Nxf6 15. Rb1
Qe7 16. b4 axb4 17. axb4 b6 18. Kh1 Nh7 19. Qc2 f5 20. exf5 gxf5 21. f3 Kh8 22.
Rfe1 Qh4 23. g3 Qf6 24. Qb2 h5 25. Ra1 Rfb8 26. c5 bxc5 27. Rxa6 Rxa6 28. Bxa6
Rxb4 29. Qc2 h4 30. Rb1 Rxb1+ 31. Ndxb1 hxg3 32. hxg3 Qh6+ 33. Qh2 Qc1+ 34. Qg1
Qh6+ 35. Kg2 Ng5 36. Be2 Qh3+ 37. Kf2 f4 38. Ne4 Qh6 39. Nxg5 Qxg5 40. Qh1+ Kg7
41. g4 Be8 42. Nd2 c6 43. Ne4 Qg6 44. Bc4 Bf7 45. Qd1 Qh6 46. Kg2 Kf8 47. Qb3
cxd5 48. Bxd5 Be8 49. Qb8 Ke7 50. Qc7+ Bd7 51. Bc6 Qe6 52. Ng5 Qa2+ 53. Kh3 1-0

[Event "Open Inverno"]
[Site "Ceriano Laghetto ITA"]
[Date "2007.01.30"]
[Round "4"]
[White "Mingolla, Patrizio"]
[Black "Pino, Nicola"]
[Result "0-1"]
[WhiteElo "1461"]
[BlackElo "1832"]
[PlyCount "131"]
[EventDate "2007.01.09"]

1. c4 c6 2. Nc3 d5 3. e3 Nf6 4. Nf3 Bf5 5. d4 e6 6. Be2 Bd6 7. O-O O-O 8. h3
Ne4 9. c5 Bc7 10. Nxe4 Bxe4 11. Bd3 f5 12. Bxe4 fxe4 13. Nh2 b6 14. b4 a5 15.
Bd2 axb4 16. Bxb4 b5 17. Qg4 Qe7 18. Qd1 Ra4 19. a3 Na6 20. Qd2 Ra8 21. Qc3 e5
22. Ng4 exd4 23. exd4 Re8 24. Ne3 g6 25. Qd2 Ra8 26. Qc3 Bf4 27. Qb2 Nxb4 28.
axb4 Qa7 29. Nc2 Ra2 30. Rxa2 Qxa2 31. Qc3 Qa7 32. Ra1 Qb8 33. Rxa8 Qxa8 34.
Qa3 Qb7 35. Kf1 Kf7 36. Ke2 Bh6 37. Ne3 Bg7 38. Nc2 h5 39. Qa5 Ke7 40. Qa3 Qc7
41. g3 Bh6 42. h4 Qd7 43. Qa6 g5 44. hxg5 Bxg5 45. Qa1 Qg4+ 46. Kf1 h4 47. gxh4
Bxh4 48. Qc3 Qd1+ 49. Kg2 Qd3 50. Qxd3 exd3 51. Ne3 Bf6 52. Nf5+ Ke6 53. Ne3
Bxd4 54. Nd1 Kf5 55. Kf3 Kg5 56. Kg3 Be5+ 57. Kf3 Bf4 58. Ne3 d4 59. Nd1 Kf5
60. Nb2 d2 61. Ke2 Ke4 62. f3+ Kd5 63. Nd3 Be3 64. f4 Kc4 65. f5 d1=Q+ 66. Kxd1
0-1

[Event "Open Inverno"]
[Site "Ceriano Laghetto ITA"]
[Date "2007.01.30"]
[Round "4"]
[White "Parenti, Davide"]
[Black "Regorda, Massimiliano"]
[Result "0-1"]
[WhiteElo "1901"]
[BlackElo "1869"]
[PlyCount "58"]
[EventDate "2007.01.09"]

1. d4 d5 2. c4 e6 3. Nc3 c5 4. e3 Nf6 5. Nf3 Nc6 6. cxd5 exd5 7. Be2 Be7 8. O-O
O-O 9. a3 Be6 10. dxc5 Bxc5 11. b4 Bd6 12. Nb5 Rc8 13. Nxd6 Qxd6 14. Bb2 Ne4
15. Rc1 f6 16. Nd4 a6 17. Qb3 Nxd4 18. Bxd4 Nd2 19. Qa2 Nxf1 20. Rxf1 Rf7 21.
Bd3 Rfc7 22. Qb1 h6 23. a4 Bd7 24. a5 Bb5 25. Bh7+ Kh8 26. Rd1 Ba4 27. Bc5 Bxd1
28. Qxd1 Rxc5 29. bxc5 Qxc5 0-1

[Event "Open Inverno"]
[Site "Ceriano Laghetto ITA"]
[Date "2007.01.30"]
[Round "4"]
[White "Regorda, Vittorio"]
[Black "Lapiccirella, Daniele"]
[Result "0-1"]
[WhiteElo "1891"]
[BlackElo "2153"]
[PlyCount "62"]
[EventDate "2007.01.09"]

1. c4 c6 2. Nc3 d5 3. cxd5 cxd5 4. d4 Nc6 5. Bf4 Nf6 6. e3 a6 7. a3 Bg4 8. f3
Bh5 9. Bd3 e6 10. Bg5 Be7 11. Nge2 b5 12. Nf4 Bg6 13. O-O Qb6 14. Nxg6 hxg6 15.
Ne2 Bd6 16. f4 Ng4 17. Qd2 Nxh2 18. g3 Nxf1 19. Rxf1 Be7 20. Qc2 f5 21. g4 Kd7
22. gxf5 gxf5 23. Bxf5 Bxg5 24. Bxe6+ Kxe6 25. fxg5 Ne7 26. e4 Raf8 27. exd5+
Kd7 28. Qe4 Rxf1+ 29. Kxf1 Qg6 30. Qxg6 Nxg6 31. Kf2 Rf8+ 0-1

[Event "Open Inverno"]
[Site "Ceriano Laghetto ITA"]
[Date "2007.02.06"]
[Round "5"]
[White "Bertuolo, Sergio"]
[Black "Parenti, Davide"]
[Result "0-1"]
[WhiteElo "1514"]
[BlackElo "1901"]
[PlyCount "68"]
[EventDate "2007.01.09"]

1. e4 d5 2. exd5 Nf6 3. Nc3 Nxd5 4. Nxd5 Qxd5 5. d4 Nc6 6. c4 Qxd4 7. Qxd4 Nxd4
8. Bd3 e5 9. Bd2 Be6 10. Ne2 O-O-O 11. Nxd4 exd4 12. O-O Be7 13. Rfe1 g6 14. b4
Rhe8 15. a3 Bf6 16. b5 Bg4 17. a4 Rxe1+ 18. Rxe1 Bd7 19. a5 c5 20. b6 axb6 21.
axb6 Re8 22. Ra1 Bc6 23. Bf4 Kd7 24. Bc7 Be5 25. Bxe5 Rxe5 26. Kf1 Be4 27. Bxe4
Rxe4 28. Ra3 f5 29. f3 Re7 30. Kf2 Kc6 31. Rb3 f4 32. g4 Re3 33. Rxe3 dxe3+ 34.
Ke2 Kxb6 0-1

[Event "Open Inverno"]
[Site "Ceriano Laghetto ITA"]
[Date "2007.02.06"]
[Round "5"]
[White "Dimo, Maurizio"]
[Black "Iula, Massimo"]
[Result "1/2-1/2"]
[WhiteElo "1580"]
[BlackElo "1410"]
[PlyCount "120"]
[EventDate "2007.01.09"]

1. e4 c6 2. d4 d5 3. e5 Bf5 4. Bd3 Bxd3 5. Qxd3 e6 6. Nf3 c5 7. dxc5 Bxc5 8.
Bg5 Ne7 9. O-O O-O 10. Nc3 Qd7 11. Nh4 Re8 12. Qg3 Nbc6 13. Bf6 Ng6 14. Nxg6
fxg6 15. Bg5 Rf8 16. a3 Rf5 17. Rae1 Nd4 18. Rc1 Nc6 19. Be3 d4 20. Ne4 dxe3
21. Nxc5 exf2+ 22. Rxf2 Qd4 23. Nxe6 Qxb2 24. Rcf1 Qxe5 25. Qxe5 Nxe5 26. Rxf5
gxf5 27. Rxf5 Ng6 28. Rd5 Kf7 29. Ng5+ Kg8 30. c4 h6 31. Ne6 Rc8 32. c5 Kf7 33.
Nd8+ Ke8 34. Nxb7 Rc7 35. Nd8 Nf4 36. Rd6 Rd7 37. Ne6 Rxd6 38. Nxg7+ Kf7 39.
cxd6 Kxg7 40. d7 Ne6 41. Kf2 Kf7 42. Kf3 Ke7 43. Kg4 Ng7 44. Kf4 Kxd7 45. g4
Kc6 46. Ke5 Kc5 47. Kf6 Ne8+ 48. Kg6 Kc4 49. Kxh6 Kb3 50. Kg6 Kxa3 51. h4 a5
52. h5 Ng7 53. h6 Ne6 54. h7 Nf8+ 55. Kg7 Nxh7 56. Kxh7 Kb2 57. g5 a4 58. g6 a3
59. g7 a2 60. g8=Q a1=Q 1/2-1/2

[Event "Open Inverno"]
[Site "Ceriano Laghetto ITA"]
[Date "2007.02.06"]
[Round "5"]
[White "Lapiccirella, Daniele"]
[Black "Lapiccirella, Mattia"]
[Result "1/2-1/2"]
[WhiteElo "2153"]
[BlackElo "2237"]
[PlyCount "28"]
[EventDate "2007.01.09"]

1. d4 e6 2. Nf3 f5 3. e3 Nf6 4. Bd3 b6 5. O-O Bb7 6. b3 Be7 7. Bb2 O-O 8. c4
Ne4 9. Nbd2 d6 10. Qc2 Nxd2 11. Nxd2 Nd7 12. e4 g6 13. d5 Ne5 14. dxe6 f4
1/2-1/2

[Event "Open Inverno"]
[Site "Ceriano Laghetto ITA"]
[Date "2007.02.06"]
[Round "5"]
[White "Nastasi, Ivano"]
[Black "Dei Giudici, Paolo"]
[Result "0-1"]
[WhiteElo "1518"]
[BlackElo "1685"]
[PlyCount "112"]
[EventDate "2007.01.09"]

1. d4 g6 2. c4 Bg7 3. Nf3 Nf6 4. Nc3 O-O 5. e4 d6 6. Be2 Nbd7 7. O-O e5 8. d5
Ng4 9. h3 Nh6 10. Bg5 f6 11. Bd2 Nf7 12. Qc2 Bh6 13. Bxh6 Nxh6 14. Bd3 Nc5 15.
Be2 f5 16. Nd2 f4 17. Nf3 g5 18. Kh2 g4 19. Ng1 Qg5 20. Qc1 Qg6 21. f3 gxh3 22.
Nxh3 Bxh3 23. Rg1 Qg3+ 24. Kh1 Bd7 25. Qe1 Qxe1 26. Rgxe1 Rf6 27. Kg1 Kf7 28.
Kf2 Rg8 29. Bf1 Na4 30. Nxa4 Bxa4 31. b3 Bd7 32. Rac1 Rg7 33. c5 dxc5 34. Rxc5
c6 35. dxc6 Rxc6 36. Bc4+ Kf6 37. Rxc6+ Bxc6 38. Rd1 Rd7 39. Rh1 Kg6 40. Ke2
Nf7 41. Be6 Bb5+ 42. Ke1 Re7 43. Bf5+ Kf6 44. Bxh7 Kg5 45. Bf5 Nd6 46. Bg4 Bd7
47. Rh5+ Kg6 48. Rh8 Bxg4 49. Rg8+ Rg7 50. Rd8 Bd7 51. Rh8 Kf6 52. Rh6+ Ke7 53.
Rh5 Kf6 54. Kf2 Nb5 55. Rh6+ Rg6 56. Rh7 Bc6 0-1

[Event "Open Inverno"]
[Site "Ceriano Laghetto ITA"]
[Date "2007.02.06"]
[Round "5"]
[White "Pino, Nicola"]
[Black "Milan, Raffaele"]
[Result "1/2-1/2"]
[WhiteElo "1832"]
[BlackElo "1592"]
[PlyCount "56"]
[EventDate "2007.01.09"]

1. e4 d6 2. d4 Nf6 3. Bd3 e5 4. dxe5 dxe5 5. Bb5+ Bd7 6. Bxd7+ Qxd7 7. Qd3 Nc6
8. Nf3 Qxd3 9. cxd3 Bc5 10. Be3 Nd4 11. Nxd4 Bxd4 12. Bxd4 exd4 13. Nd2 c5 14.
h3 Nd7 15. Nc4 Ke7 16. f4 b5 17. Nd2 Nb6 18. b3 Rhc8 19. Rc1 a5 20. Ke2 a4 21.
Rc2 axb3 22. axb3 c4 23. dxc4 d3+ 24. Kxd3 Rd8+ 25. Ke2 bxc4 26. bxc4 Ra3 27.
Rb1 Na4 28. Rb3 Rxd2+ 1/2-1/2

[Event "Open Inverno"]
[Site "Ceriano Laghetto ITA"]
[Date "2007.02.06"]
[Round "5"]
[White "Salmoiraghi, Angelo"]
[Black "Cervini, Gian Piero"]
[Result "1-0"]
[WhiteElo "2047"]
[BlackElo "1792"]
[PlyCount "87"]
[EventDate "2007.01.09"]

1. e4 d6 2. d4 Nf6 3. Nc3 g6 4. f4 Bg7 5. Nf3 O-O 6. e5 Ng4 7. h3 Nh6 8. g4 f6
9. Bc4+ Kh8 10. Qe2 c6 11. e6 d5 12. Bd3 Qd6 13. f5 gxf5 14. gxf5 Qg3+ 15. Qf2
Qxf2+ 16. Kxf2 Na6 17. Bxa6 bxa6 18. Nh4 Rb8 19. Na4 Rb4 20. c3 Rb5 21. Nc5 a5
22. a4 Rb6 23. b3 Re8 24. Bf4 Ba6 25. Bc7 Rb7 26. Bxa5 Rbb8 27. Nxa6 Rxb3 28.
Rhb1 Rxb1 29. Rxb1 Ng8 30. Bc7 Bh6 31. Ke2 Rc8 32. Bg3 Bg5 33. Nf3 Nh6 34. Nxg5
fxg5 35. Be5+ Kg8 36. Rg1 c5 37. Rxg5+ Kf8 38. Bg7+ Kg8 39. Bxh6+ Kh8 40. Bg7+
Kg8 41. Be5+ Kf8 42. Rg7 cxd4 43. Rxh7 d3+ 44. Kd2 1-0

[Event "Open Inverno"]
[Site "Ceriano Laghetto ITA"]
[Date "2007.02.06"]
[Round "5"]
[White "Santarelli, Sabatino"]
[Black "Jiang, Yongwei"]
[Result "1-0"]
[WhiteElo "1548"]
[BlackElo "1575"]
[PlyCount "147"]
[EventDate "2007.01.09"]

1. e4 e6 2. d4 d5 3. e5 c5 4. Nf3 Nc6 5. Be2 cxd4 6. Nxd4 Nxe5 7. O-O Nf6 8.
Nc3 Be7 9. Re1 O-O 10. Bf4 Nc6 11. Bg3 Qb6 12. Nxc6 bxc6 13. Na4 Qd8 14. f3 Nd7
15. c4 Nb6 16. Rc1 Bd7 17. c5 Nxa4 18. Qxa4 Bh4 19. Bxh4 f6 20. Bg3 e5 21. b4
a5 22. b5 cxb5 23. Bxb5 Bxb5 24. Qxb5 Rb8 25. Qe2 g5 26. a4 Qc7 27. Qa2 Qc6 28.
Red1 Rfd8 29. Rd2 Kf8 30. h3 Rb4 31. Qc2 Rd7 32. Bf2 Rxa4 33. Rb1 Rb4 34. Rxb4
axb4 35. Qb3 d4 36. Qxb4 Rb7 37. Qc4 Ke7 38. Rc2 h5 39. Ra2 Qe6 40. Qc2 f5 41.
Ra4 Rc7 42. Rc4 Rc6 43. Be1 Kf6 44. h4 g4 45. fxg4 fxg4 46. Bd2 Qf5 47. Bg5+
Kg6 48. Qa4 Qe4 49. Rc1 Qd5 50. Qb5 d3 51. Qc4 Qxc4 52. Rxc4 g3 53. Be3 Kf5 54.
Kf1 Ke6 55. Ke1 Kd5 56. Ra4 Rc8 57. Kd2 e4 58. Rd4+ Ke5 59. Rd6 Ra8 60. Bd4+
Kf5 61. c6 Ra2+ 62. Kd1 Rxg2 63. c7 Rc2 64. Rd5+ Kf4 65. Rc5 Rh2 66. c8=Q Rh1+
67. Kd2 Rh2+ 68. Kc3 Rc2+ 69. Kb3 Rxc5 70. Qxc5 d2 71. Be3+ Kf3 72. Bxd2 Kg2
73. Qxh5 Kh1 74. Qd1+ 1-0

[Event "Open Inverno"]
[Site "Ceriano Laghetto ITA"]
[Date "2007.02.06"]
[Round "5"]
[White "Viale, Fabio"]
[Black "Nepi, Ezio"]
[Result "1-0"]
[WhiteElo "1703"]
[BlackElo "1850"]
[PlyCount "45"]
[EventDate "2007.01.09"]

1. d4 Nf6 2. c4 c5 3. d5 b5 4. cxb5 a6 5. e3 Bb7 6. Nc3 axb5 7. Bxb5 Qa5 8. Bd2
Na6 9. Nf3 Nxd5 10. Bxd7+ Kxd7 11. Nxd5 Qb5 12. a4 Qxb2 13. Rb1 Qxb1 14. Qxb1
Bxd5 15. Qd3 e6 16. e4 c4 17. Ne5+ Kc8 18. Qf3 Rb8 19. O-O Bc5 20. exd5 Rb3 21.
Qxf7 Rf8 22. Qxe6+ Kb8 23. Nd7+ 1-0

[Event "Open Inverno"]
[Site "Ceriano Laghetto ITA"]
[Date "2007.02.13"]
[Round "6"]
[White "Cervini, Gian Piero"]
[Black "Nastasi, Ivano"]
[Result "1-0"]
[WhiteElo "1792"]
[BlackElo "1518"]
[PlyCount "73"]
[EventDate "2007.01.09"]

1. e4 e5 2. Nf3 Nf6 3. d4 exd4 4. e5 Ne4 5. Qxd4 d5 6. exd6 Nxd6 7. Bd3 Nc6 8.
Qf4 Be7 9. Bd2 Be6 10. Bc3 f6 11. Nbd2 Qd7 12. Nb3 Nf7 13. O-O-O Bd6 14. Qe3
O-O 15. Nc5 Bxc5 16. Qxc5 Qc8 17. Qh5 h6 18. Qg6 Nh8 19. Qh7+ Kf7 20. Nh4 Ne7
21. Rhe1 c6 22. Bb4 c5 23. Bc3 c4 24. Be2 Qc5 25. Bd2 c3 26. Be3 cxb2+ 27. Kb1
Bxa2+ 28. Kxa2 Qb4 29. Bh5+ Nhg6 30. Bxg6+ Nxg6 31. Qxg6+ Kg8 32. Qd3 Rad8 33.
Qb3+ Qxb3+ 34. Kxb3 Rxd1 35. Rxd1 b1=Q+ 36. Rxb1 Rc8 37. Bxa7 1-0

[Event "Open Inverno"]
[Site "Ceriano Laghetto ITA"]
[Date "2007.02.13"]
[Round "6"]
[White "Lapiccirella, Mattia"]
[Black "Regorda, Vittorio"]
[Result "1-0"]
[WhiteElo "2237"]
[BlackElo "1891"]
[PlyCount "59"]
[EventDate "2007.01.09"]

1. d4 Nf6 2. c4 g6 3. Nc3 Bg7 4. e4 d6 5. Be2 O-O 6. Nf3 e5 7. d5 c6 8. O-O
cxd5 9. cxd5 a6 10. a4 b6 11. Be3 Nbd7 12. b4 Bb7 13. Nd2 Rc8 14. Nc4 Ne8 15.
Qd2 a5 16. Nb5 Ba6 17. bxa5 Nc5 18. Bxc5 bxc5 19. Nb6 Rb8 20. Na7 Bb7 21. Bb5
Nf6 22. Rfe1 Qc7 23. Bc6 Ba6 24. Nb5 Qe7 25. Nc4 Rfd8 26. Rab1 Bf8 27. f3 Ne8
28. Nba3 Qc7 29. Rb6 Bc8 30. Nb5 1-0

[Event "Open Inverno"]
[Site "Ceriano Laghetto ITA"]
[Date "2007.02.13"]
[Round "6"]
[White "Milan, Raffaele"]
[Black "Bertuolo, Sergio"]
[Result "1-0"]
[WhiteElo "1592"]
[BlackElo "1514"]
[PlyCount "75"]
[EventDate "2007.01.09"]

1. e4 e6 2. d4 d5 3. Nd2 Nf6 4. e5 Nfd7 5. Bd3 c5 6. c3 Nc6 7. Ne2 Qb6 8. Nf3
cxd4 9. cxd4 f6 10. exf6 Nxf6 11. Nc3 Bd7 12. O-O Be7 13. Bf4 Qd8 14. Re1 b6
15. Nb5 Rc8 16. Nd6+ Bxd6 17. Bxd6 Ra8 18. Rc1 Ne4 19. Bxe4 dxe4 20. Rxe4 Qf6
21. d5 Nd8 22. dxe6 Nxe6 23. Qd5 Rc8 24. Rce1 Kd8 25. Rxe6 Qxe6 26. Rxe6 Bxe6
27. Qxe6 Rc1+ 28. Ne1 Re8 29. Qxe8+ Kxe8 30. Kf1 Kd7 31. Bf4 Rb1 32. Be5 g6 33.
Ke2 Rc1 34. Bc3 Kc6 35. Kd2 Ra1 36. a3 Kb5 37. Kc2 Kc5 38. b4+ 1-0

[Event "Open Inverno"]
[Site "Ceriano Laghetto ITA"]
[Date "2007.02.13"]
[Round "6"]
[White "Regorda, Massimiliano"]
[Black "Lapiccirella, Daniele"]
[Result "0-1"]
[WhiteElo "1869"]
[BlackElo "2153"]
[PlyCount "70"]
[EventDate "2007.01.09"]

1. e4 c5 2. Nf3 e6 3. d4 cxd4 4. Nxd4 Nc6 5. Nc3 a6 6. Be3 Qc7 7. Bd3 Nf6 8.
O-O Ne5 9. h3 b5 10. f4 Nc4 11. Bxc4 Qxc4 12. Qd3 Bb7 13. e5 Nd5 14. Qxc4 bxc4
15. Nxd5 Bxd5 16. Ne2 Rb8 17. Nc3 Bc6 18. b3 Bb4 19. Na4 Bxa4 20. bxa4 d5 21.
exd6 Bxd6 22. Rfd1 Ke7 23. Rab1 Rhc8 24. Kf2 Rxb1 25. Rxb1 Rb8 26. Rxb8 Bxb8
27. Ke2 Kd6 28. f5 e5 29. g4 Kd5 30. Kf3 Bd6 31. c3 g6 32. Bh6 e4+ 33. Ke3 Ba3
34. Kd2 gxf5 35. gxf5 Ke5 0-1

[Event "Open Inverno"]
[Site "Ceriano Laghetto ITA"]
[Date "2007.02.13"]
[Round "6"]
[White "Santarelli, Sabatino"]
[Black "Megassini, Stefano"]
[Result "0-1"]
[WhiteElo "1548"]
[BlackElo "1554"]
[PlyCount "68"]
[EventDate "2007.01.09"]

1. e4 c5 2. Nf3 e6 3. b3 d6 4. Bb2 Nf6 5. Nc3 Be7 6. d4 cxd4 7. Nxd4 O-O 8. Be2
a6 9. O-O b5 10. Bd3 Bb7 11. Qe2 Nbd7 12. Kh1 Nc5 13. f3 Nxd3 14. cxd3 Nd7 15.
Nc2 Bf6 16. Ne3 Rc8 17. Rac1 Qb6 18. f4 Bd4 19. Rf3 Qa5 20. Ned1 Rc7 21. Nd5
Rxc1 22. Ne7+ Kh8 23. Bxd4 e5 24. Be3 Ra1 25. Rh3 Nf6 26. fxe5 Rxa2 27. Qf1
dxe5 28. Bg5 Qb6 29. Qf5 Qe6 30. Bxf6 Qxf5 31. Bxg7+ Kxg7 32. Nxf5+ Kh8 33. g4
Rd8 34. Rf3 Bxe4 0-1

[Event "Open Inverno"]
[Site "Ceriano Laghetto ITA"]
[Date "2007.02.13"]
[Round "6"]
[White "Viale, Fabio"]
[Black "Pino, Nicola"]
[Result "1-0"]
[WhiteElo "1703"]
[BlackElo "1832"]
[PlyCount "77"]
[EventDate "2007.01.09"]

1. d4 d5 2. c4 c6 3. Nf3 dxc4 4. a4 Nf6 5. Nc3 Nd5 6. e4 Nxc3 7. bxc3 b5 8. Be2
Bb7 9. Qc2 a6 10. O-O e6 11. Qb2 Be7 12. Bxc4 Nd7 13. Bd3 O-O 14. Be3 Qc8 15.
axb5 cxb5 16. Rfc1 Nf6 17. c4 b4 18. d5 a5 19. d6 Bd8 20. e5 Bxf3 21. gxf3 Ne8
22. c5 f6 23. c6 fxe5 24. d7 Qc7 25. dxe8=Q Rxe8 26. Qc2 g6 27. Bh6 Bf6 28. Be4
Reb8 29. Qb3 Kf7 30. Rd1 Rd8 31. Be3 Rac8 32. Bc5 Bg5 33. Qa4 Rxd1+ 34. Rxd1
Rd8 35. Rxd8 Qxd8 36. Qb5 Bh6 37. Qb7+ Kg8 38. Be7 Qd1+ 39. Kg2 1-0

[Event "Memorial David Bronstein A"]
[Site "Napoli ITA"]
[Date "2007.01.18"]
[Round "1"]
[White "Accardo, Francesco"]
[Black "Pinto, Gaetano"]
[Result "0-1"]
[WhiteElo "1850"]
[BlackElo "2024"]
[PlyCount "52"]
[EventDate "2007.01.18"]

1. g4 d5 2. Bg2 c6 3. g5 e5 4. d4 e4 5. h4 Bd6 6. c4 Ne7 7. Nc3 Be6 8. Qb3 Qb6
9. Qc2 Qxd4 10. c5 Qxc5 11. Qd1 Be5 12. Bd2 Nd7 13. Rc1 Qd6 14. e3 h6 15. f4
exf3 16. Nxf3 Bg3+ 17. Kf1 h5 18. Ne2 Nf5 19. Qb3 Nc5 20. Qa3 Ne4 21. Bb4 Nxe3+
22. Qxe3 Qxb4 23. g6 fxg6 24. Nxg3 Nxg3+ 25. Kg1 Qb6 26. Nd4 Qxd4 0-1